Tilastot visalle Jaakko Kuorikosken rakentamat ja korjaamat kirkot

Klikkaa tästä pelataksesi tätä visaa!

Yleistilastot

  • Tätä visaa on pelattu 12 kertaa
  • Keskiarvotulos 4 / 19

Vastaustilastot

Vastaus% Oikein
Ylistaron kirkko
70%
Kaustisen kirkko
50%
Vimpelin kirkko
50%
Halsuan kirkko
40%
Saarijärven kirkko
40%
Alajärven kirkko
30%
Maaningan kirkko
20%
Jämsän kirkko
10%
Kärsämäen kirkko
10%
Kivijärven kirkko
10%
Konginkankaan kirkko
10%
Lappajärven kirkko
10%
Petäjäveden uusi kirkko
10%
Teerijärven kirkko
10%
Toholammin kirkko
10%
Virtasalmen kirkko
10%
Karstulan kirkko
0%
Pylkönmäen kirkko
0%
Siikajoen kirkko
0%

Tulosjakauma

Persentiili vastausten määrän mukaan

Jokaisen tuloksen saaneiden osuus

Tuloshistoriasi

Et ole pelannut tätä visaa